| 000 | 00539nam a2200181Ia 4500 | ||
|---|---|---|---|
| 005 | 20250508160506.0 | ||
| 008 | 008 250505s9999 xx 000 0 eng d | ||
| 037 | _aBooks to be hide in OPAC | ||
| 040 |
_aFEDL _beng _cFEDL |
||
| 041 |
_aeng _2eng |
||
| 084 |
_a428.3, PRI/O _qFEDL |
||
| 100 | _aPrice R F | ||
| 245 | 0 | _aReference book of english words and phrases for foreign science students | |
| 260 |
_aOxford _bPergamon Press _c1966 |
||
| 300 | _axi,190p. | ||
| 942 |
_cHB _h428.3, PRI/O |
||
| 999 |
_c1364946 _d1364946 |
||